• 首页
  • 本馆介绍
  • 公告通知
  • 最新文献
  • 馆藏检索
  • 电子资源
  • 读者导购
  • 参考咨询
  • 我的图书馆
  • 登录
  • 详细信息显示
  • 放入我的书架
  • 预约/预借图书
  • 作者相关作品
  • 分类相关作品
  • 丛书相关作品
  • 出版社相关作品

书目信息

  • 表格格式
  • 工作单格式
  • 卡片格式
题名:
红楼译评
    
 
作者: 刘士聪 主编 ;崔永禄 , 王宏印 副主编
分册:  
出版信息: 天津   南开大学出版社  2004
页数: 11,509页
开本: 21cm
丛书名:
单 册:
中图分类: I207.411-53
科图分类:
主题词: 《红楼梦》研究--翻译--研究--文集
电子资源:
ISBN: 7-310-02058-8
000 01018nam0 2200265 450
001 0900000016128
005 20050912083844.50
010    @a7-310-02058-8@dCNY35.00
100    @a20041118d2004 ekmy0chiy0120 ea
101 0  @achi@eeng
102    @aCN@b120000
105    @ay z 000yy
200 1  @a红楼译评@Ahong lou yi ping@e《红楼梦》翻译研究论文集@f刘士聪主编@Fliu shi cong zhu bian@g崔永禄,王宏印副主编
210    @a天津@c南开大学出版社@d2004
215    @a11,509页@d21cm
330    @a《红楼译评》是全国《红楼梦》翻译研讨会的论文辑丛。本书收集了三十多篇论文,分别从不同角度对目前流传较广的杨译本和霍译本进行了对比式的研究与评论。
517 1  @a《红楼梦》翻译研究论文集@A《 hong lou meng》 fan yi yan jiu lun wen ji
606 0  @a《红楼梦》研究@x翻译@x研究@j文集
690    @aI207.411-53@v4
701  0 @a刘士聪@Aliu shi cong@4主编
702  0 @a崔永禄@Acui yong lu@4副主编
702  0 @a王宏印@Awang hong yin@4副主编
801  0 @aCN@bTSSF@c20050912
905    @a10447@dI207.411-53@e430
999    @aZXL@eJDD
    
    红楼译评:《红楼梦》翻译研究论文集/刘士聪主编/崔永禄,王宏印副主编.-天津:南开大学出版社,2004
    11,509页;21cm
    
    
    ISBN 7-310-02058-8:CNY35.00
    《红楼译评》是全国《红楼梦》翻译研讨会的论文辑丛。本书收集了三十多篇论文,分别从不同角度对目前流传较广的杨译本和霍译本进行了对比式的研究与评论。
●
相关链接 在E读中查询图书 在五车中查询图书 在当当中查询图书 在豆瓣中查询图书


正题名:红楼译评     索取号:I207.411-53/430         预约/预借

序号 登录号 条形码 馆藏地/架位号 状态 备注
1 0361082   3610827   第一样本阅览室/ [索取号:I207.411-53/430] 在馆    
2 0361083   3610836   第二借阅区/ [索取号:I207.411-53/430] 在馆    
3 0361084   3610845   第二借阅区/ [索取号:I207.411-53/430] 在馆    
4 0361085   3610854   第二借阅区/ [索取号:I207.411-53/430] 在馆    
5 0361086   3610863   第二借阅区/ [索取号:I207.411-53/430] 在馆    
唐山师范学院图书馆 欢迎您!
大连网信软件有限公司© 版权所有